000 00980nam a2200253Ia 4500
003 OSt
005 20221002050003.0
006 a|||||r|||| 00| 0
007 ta
008 220930b |||||||| |||| 00| 0 hin d
020 _a9788179756102 (hbk)
_c6000
024 _a16617
037 _b492, 25/03/2015, Swaraj Prakashan
_cReference Collections
040 _aCRL
_cCRL
_bhin
041 _2hin
_ahin
082 _aO152,6M48x, Q5.1-.4(RR)
100 _aपाठक, समीर कुमार, संपा.
245 0 _aबालकृष्ण भट्ट रचनावली
260 _aनई
_bदिल्ली अनामिका पब्लिर्शस
_c2015
490 _vभाग 1
650 _aहिन्दी साहित्य
942 _hO152,6M48x, Q5.1-.4(RR)
_cref
_2CC
999 _c913562
_d913562